Химия нефти, газа и пластовых вод: учебник для техникумов

গ্রন্থ-পঞ্জীর বিবরন
প্রধান লেখক: Бурдынь Т. А. Текла Ансовна
অন্যান্য লেখক: Закс Ю. Б. Юлия Борисовна
ভাষা:রুশ
প্রকাশিত: Москва, Недра, 1978
সংস্করন:2 изд., перераб. и доп.
বিষয়গুলি:
বিন্যাস: MixedMaterials গ্রন্থ
KOHA link:https://koha.lib.tpu.ru/cgi-bin/koha/opac-detail.pl?biblionumber=673506

MARC

LEADER 00000nam0a2200000 4500
001 673506
005 20240704142352.0
090 |a 673506 
100 |a 20240703d1978 m||y0rusy50 ca 
101 0 |a rus 
102 |a RU 
105 |a a j 001yy 
181 0 |a i   |b  e  
182 0 |a n 
183 0 |a nc  |2 RDAcarrier 
200 1 |a Химия нефти, газа и пластовых вод  |e учебник для техникумов  |f Т. А. Бурдынь, Ю. Б. Закс 
203 |a Текст  |b визуальный  |c непосредственный 
205 |a 2 изд., перераб. и доп. 
210 |a Москва  |c Недра  |d 1978 
215 |a 278 с.  |c ил. 
283 |a volume  |2 RDAcarrier 
320 |a Список литературы: с. 262 
606 1 |a Нефтегазовые месторождения  |x Геология  |9 83810 
610 1 |a нефть 
610 1 |a газ 
610 1 |a пластовые воды 
610 1 |a химический состав 
610 1 |a физико-химические свойства 
610 1 |a нефтедобывающая промышленность 
610 1 |a производственные процессы 
610 1 |a химические основы 
610 1 |a физико-химические основы 
610 1 |a учебники 
675 |a 553.98(075.3)  |v 4 
700 1 |a Бурдынь  |b Т. А.  |g Текла Ансовна 
701 1 |a Закс  |b Ю. Б.  |g Юлия Борисовна 
801 0 |a RU  |b 63413507  |c 20240703 
830 |a Ретро2024Каталогизация Шило 
850 |a 63413507 
942 |c BK